000
00303nam a2200121Ia 4500
008
220204s9999 xx 000 0 und d
082
_a
681.31(036)JAV
_b
JAW
100
_a
Jaworski, Jamie
245
0
_a
Java 1.1 developer's guide
250
_a
Ed.2
260
_a
New Delhi
_b
Tech Media
_c
1998
942
_c
BK
999
_c
41503
_d
41503